Music Quiz

Random Music or Lyrics Quiz
Score 0/251 Timer 10:00
0 Plays Today
Answer % Correct
is
100%
my
100%
microphone
100%
my
100%
microphone
100%
my
100%
microphone
100%
a
100%
my
100%
microphone
100%
my
100%
microphone
100%
the
100%
is
100%
my
100%
microphone
100%
is
100%
my
100%
microphone
100%
my
100%
is
100%
the
100%
my
100%
is
100%
my
100%
microphone
100%
my
100%
microphone
100%
the
100%
is
100%
my
100%
microphone
100%
my
100%
microphone
100%
the
100%
is
100%
my
100%
microphone
100%
is
100%
my
100%
microphone
100%
and
100%
and
100%
and
100%
microphone
100%
and
100%
and
100%
and
100%
microphone
100%
microphone
100%
is
100%
my
100%
microphone
100%
is
100%
my
100%
microphone
100%
is
100%
my
100%
microphone
100%
is
100%
my
100%
microphone
100%
is
100%
where
92.9%
where
92.9%
where
92.9%
where
92.9%
where
92.9%
where
92.9%
where
92.9%
where
92.9%
where
92.9%
where
92.9%
where
92.9%
where
92.9%
where
92.9%
need
85.7%
to
85.7%
need
85.7%
to
85.7%
all
85.7%
find
85.7%
to
85.7%
need
85.7%
Answer % Correct
to
85.7%
all
85.7%
find
85.7%
to
85.7%
need
85.7%
to
85.7%
all
85.7%
find
85.7%
to
85.7%
need
85.7%
to
85.7%
need
85.7%
to
85.7%
go
78.6%
go
78.6%
go
78.6%
sing
78.6%
sing
78.6%
sing
78.6%
time
78.6%
this
78.6%
time
78.6%
me
78.6%
late
78.6%
show
78.6%
go
78.6%
know
78.6%
you
78.6%
go
78.6%
go
78.6%
go
78.6%
you
78.6%
go
78.6%
go
78.6%
go
78.6%
time
78.6%
this
78.6%
time
78.6%
me
78.6%
late
78.6%
show
78.6%
go
78.6%
know
78.6%
this
78.6%
time
78.6%
me
78.6%
late
78.6%
show
78.6%
go
78.6%
know
78.6%
you
78.6%
know
78.6%
you
78.6%
have
78.6%
we
78.6%
we
78.6%
me
78.6%
you
78.6%
will
78.6%
we
78.6%
i
71.4%
i
71.4%
ive
71.4%
get
71.4%
can
71.4%
someone
71.4%
help
71.4%
really
71.4%
does
71.4%
anybody
71.4%
ive
71.4%
get
71.4%
can
71.4%
someone
71.4%
help
71.4%
really
71.4%
does
71.4%
anybody
71.4%
get
71.4%
can
71.4%
someone
71.4%
help
71.4%
really
71.4%
does
71.4%
Answer % Correct
anybody
71.4%
wherever
71.4%
are
71.4%
i
71.4%
very
71.4%
can
71.4%
very
71.4%
so
71.4%
see
71.4%
can
71.4%
just
71.4%
open
71.4%
your
71.4%
heart
71.4%
oh
71.4%
it
71.4%
wheres
64.3%
wheres
64.3%
wheres
64.3%
mine
64.3%
mine
64.3%
mine
64.3%
come
64.3%
out
64.3%
come
64.3%
out
64.3%
cant
64.3%
gone
64.3%
far
64.3%
if
64.3%
were
64.3%
together
64.3%
be
64.3%
were
64.3%
work
64.3%
hard
64.3%
come
64.3%
be
64.3%
up
64.3%
whats
57.1%
on
57.1%
whats
57.1%
whats
57.1%
lost
57.1%
found
57.1%
lost
57.1%
found
57.1%
lost
57.1%
found
57.1%
lost
57.1%
found
57.1%
lost
57.1%
found
57.1%
lost
57.1%
found
57.1%
stars
57.1%
but
57.1%
gonna
57.1%
with
57.1%
there
57.1%
thing
50%
tryna
50%
hey
50%
did
50%
did
50%
its
50%
for
50%
tryna
50%
tryna
50%
celebrities
50%
hey
50%
hey
50%
hey
50%
hey
50%
hey
50%
wasted
42.9%
song
42.9%
radio
42.9%
wasted
42.9%
sensitive
35.7%
audio
35.7%
cameo
28.6%
hello
21.4%
Remove Ads.
Support Sporcle.
Get the best of Sporcle when you Go Orange. This ad-free experience offers more features, more stats, and more fun while also helping to support Sporcle. Thank you for becoming a member.

You're not logged in!

Compare scores with friends on all Sporcle quizzes.
OR
Log In

Show Comments

Extras

Created Dec 9, 2018ReportNominate
Tags:Lyrics Quiz, Poppy

Top Quizzes Today


Score Distribution

Your Account Isn't Verified!

In order to create a playlist on Sporcle, you need to verify the email address you used during registration. Go to your Sporcle Settings to finish the process.

Report this User

Report this user for behavior that violates our Community Guidelines.

Details: